Принципы реализации профессионально-общественной аккредитации образовательных программ; Инженерное образование; № 12

מידע ביבליוגרפי
Parent link:Инженерное образование: электронный научный журнал/ Ассоциация инженерного образования России (АИОР).— : [Б. и.], 2003-.— 1810-2883
№ 12.— 2013.— [С. 66-69]
מחבר ראשי: Герасимов С. И. Сергей Иванович
מחברים אחרים: Шапошников С. О. Сергей Олегович
סיכום:Заглавие с титульного листа
Рассматриваются и анализируются базовые принципы организации и проведения профессионально-общественной аккредитации (внешней независимой оценки) образовательных программ, реализуемых высшими учебными заведениями в области техники и технологий.
The article analyzes basic principle for organizing and carrying out public-professional accreditation of university degree program submitted by technical higher education institutions.
שפה:רוסית
יצא לאור: 2013
סדרה:Отечественный опыт аккредитации образовательных программ
נושאים:
גישה מקוונת:https://old.aeer.ru/files/io/m12/art_8.pdf
פורמט: אלקטרוני Book Chapter
KOHA link:https://koha.lib.tpu.ru/cgi-bin/koha/opac-detail.pl?biblionumber=521158

MARC

LEADER 00000naa2a2200000 4500
001 521158
005 20250520134959.0
035 |a (RuTPU)RU\TPU\prd\200903 
035 |a RU\TPU\prd\200900 
090 |a 521158 
100 |a 20131108a2013 k y0rusy50 ca 
101 0 |a rus 
102 |a RU 
135 |a drnn ---uucaa 
181 0 |a i  
182 0 |a b 
200 1 |a Принципы реализации профессионально-общественной аккредитации образовательных программ  |b Электронный ресурс  |f С. И. Герасимов, С. О. Шапошников 
203 |a Текст  |c электронный 
215 |a 1 файл (187 Кб) 
225 1 |a Отечественный опыт аккредитации образовательных программ 
230 |a Электронные текстовые данные (1 файл : 187 Кб) 
300 |a Заглавие с титульного листа 
320 |a [Библиогр.: с. 69 (8 назв.)] 
330 |a Рассматриваются и анализируются базовые принципы организации и проведения профессионально-общественной аккредитации (внешней независимой оценки) образовательных программ, реализуемых высшими учебными заведениями в области техники и технологий. 
330 |a The article analyzes basic principle for organizing and carrying out public-professional accreditation of university degree program submitted by technical higher education institutions. 
337 |a Adobe Reader 
461 1 |0 (RuTPU)RU\TPU\prd\176632  |x 1810-2883  |t Инженерное образование  |o электронный научный журнал  |f Ассоциация инженерного образования России (АИОР)  |n [Б. и.]  |d 2003- 
463 1 |0 (RuTPU)RU\TPU\prd\199179  |t № 12  |v [С. 66-69]  |d 2013 
610 1 |a инженерное образование 
610 1 |a инженерные программы 
610 1 |a образовательные программы 
610 1 |a аккредитация 
610 1 |a базовые принципы 
610 1 |a электронный ресурс 
700 1 |a Герасимов  |b С. И.  |g Сергей Иванович 
701 1 |a Шапошников  |b С. О.  |g Сергей Олегович 
801 1 |a RU  |b 63413507  |c 20090623  |g PSBO 
801 2 |a RU  |b 63413507  |c 20160227  |g PSBO 
856 4 |u https://old.aeer.ru/files/io/m12/art_8.pdf 
942 |c BK